OSCEs & OSPEs Guide For Clinical Nursing Foundation Skills (As per new INC revised B.Sc. Nursing Syllabus) (Record no. 355907)

MARC details
000 -LEADER
fixed length control field 00615nam a22002057a 4500
005 - DATE AND TIME OF LATEST TRANSACTION
control field 20230824151807.0
008 - FIXED-LENGTH DATA ELEMENTS--GENERAL INFORMATION
fixed length control field 230824b |||||||| |||| 00| 0 eng d
020 ## - INTERNATIONAL STANDARD BOOK NUMBER
International Standard Book Number 9789393885425
041 ## - LANGUAGE CODE
Language code of text/sound track or separate title eng
082 ## - DEWEY DECIMAL CLASSIFICATION NUMBER
Edition number 23
Classification number 610.73
100 ## - MAIN ENTRY--PERSONAL NAME
Author Gaikwad, Jyoti Kiran
110 ## - MAIN ENTRY--CORPORATE NAME
Corporate name or jurisdiction name as entry element Suke, Sukeshini
245 ## - TITLE STATEMENT
Title OSCEs & OSPEs Guide For Clinical Nursing Foundation Skills (As per new INC revised B.Sc. Nursing Syllabus)
250 ## - EDITION STATEMENT
Edition statement 1
260 ## - PUBLICATION, DISTRIBUTION, ETC.
Place of publication, distribution, etc. Bangalore
Name of publisher, distributor, etc. EMMESS Medical Publisher
Date of publication, distribution, etc. 2023
300 ## - PHYSICAL DESCRIPTION
Extent XIV;317P.
365 ## - TRADE PRICE
Price type code Rs.
Price amount 350.00
Currency code Rs.
650 ## - SUBJECT ADDED ENTRY--TOPICAL TERM
Topical term or geographic name entry element Nursing Foundation
942 ## - ADDED ENTRY ELEMENTS (KOHA)
Koha item type Compact Books
Holdings
Withdrawn status Lost status Source of classification or shelving scheme Damaged status Not for loan Home library Current library Date acquired Vendor Net Price Total Checkouts Full call number Barcode Date last seen Date last checked out Actual Price Bill Date Koha item type
    Dewey Decimal Classification     Sitabai Nargundkar College of Nursing Nagpur Sitabai Nargundkar College of Nursing Nagpur 02/08/2023 Complimentary Copy by EMMESS Medical Publisher 350.00 2 610.73 SNCN-CB-41 21/02/2024 14/02/2024 350.00 24/08/2023 Compact Books